Star Wars Characters: SWGOH - Statistics

General Stats
  • This quiz has been taken 205 times
    98 since last reset
  • The average score is 85 of 282
Answer Stats
Name Factions Alignment % Correct
Darth Vader Attacker, Leader, Empire DS
88%
Jedi Master Luke Skywalker Tank, Galactic Legend, Leader LS
88%
C-3PO Support, Droid, Galactic Republic LS
81%
R2-D2 Support, Droid, Galactic Republic LS
78%
50R-T Support, Leader, Droid LS
75%
Commander Luke Skywalker Attacker, Leader, Rebel LS
75%
Jedi Knight Luke Skywalker Attacker, Leader, Jedi LS
75%
Grand Master Yoda Support, Leader, Jedi LS
72%
Jedi Knight Anakin Attacker, Leader, Galactic Republic LS
72%
Boba Fett Attacker, Leader, Bounty Hunter DS
69%
Captain Rex Support, Clone Trooper, Phoenix LS
69%
CT-21-0408 "Echo" Support, 501st, Clone Trooper LS
69%
CT-7567 "Rex" Support, Leader, 501st LS
69%
Echo Support, Bad Batch, Clone Trooper LS
69%
Emperor Palpatine Support, Leader, Empire DS
69%
Hermit Yoda Support, Jedi LS
69%
Commander Ahsoka Tano Attacker, Galactic Republic, Scoundrel LS
66%
CT-5555 "Fives" Tank, Leader, 501st LS
66%
Darth Maul Attacker, Leader, Sith DS
66%
Lando Calrissian Attacker, Leader, Rebel LS
66%
Lord Vader Attacker, Leader, Galactic Legend DS
66%
Princess Leia Attacker, Leader, Rebel LS
66%
BB-8 Support, Droid, Resistance LS
63%
CC-2224 "Cody" Attacker, Leader, Clone Trooper LS
63%
Han Solo Attacker, Mercenary, Rebel LS
63%
Hunter Attacker, Leader, Bad Batch LS
63%
Mace Windu Tank, Leader, Galactic Republic LS
63%
Rey Attacker, Leader, Resistance LS
63%
Wrecker Tank, Bad Batch, Clone Trooper LS
63%
B1 Battle Droid Attacker, Droid, Separatist DS
59%
B2 Super Battle Droid Tank, Droid, Separatist DS
59%
Boba Fett, Scion of Jango Attacker, Leader, Bounty Hunter DS
59%
Bossk Tank, Leader, Bounty Hunter DS
59%
Chewbacca Attacker, Rebel, Scoundrel LS
59%
Finn Tank, Leader, Resistance LS
59%
IG-11 Healer, Droid, Scoundrel LS
59%
IG-88 Attacker, Leader, Bounty Hunter DS
59%
Jar Jar Binks Support, Gungan, Battle for Naboo LS
59%
Kylo Ren Attacker, First Order, Unaligned Force User DS
59%
Maul Attacker, Leader, Mandalorian DS
59%
Padmé Amidala Support, Leader, Galactic Republic LS
59%
Resistance Hero Finn Attacker, Resistance LS
59%
Stormtrooper Han Tank, Leader, Rebel LS
59%
Tech Support, Bad Batch, Clone Trooper LS
59%
Chopper Support, Droid, Phoenix LS
56%
Clone Wars Chewbacca Tank, Leader, Galactic Republic LS
56%
General Grievous Attacker, Leader, Droid DS
56%
Obi-Wan Kenobi (Old Ben) Tank, Leader, Jedi LS
56%
Padawan Obi-Wan Attacker, Galactic Republic, Jedi LS
56%
Plo Koon Tank, Leader, Galactic Republic LS
56%
Qui-Gon Jinn Support, Leader, Galactic Republic LS
56%
Resistance Hero Poe Attacker, Resistance LS
56%
Vandor Chewbacca Tank, Mercenary, Scoundrel LS
56%
Veteran Smuggler Chewbacca Attacker, Resistance, Scoundrel LS
56%
IG-86 Sentinel Droid Attacker, Droid DS
53%
Imperial Probe Droid Support, Droid, Empire DS
53%
Master Qui-Gon Support, Galactic Republic, Jedi LS
53%
Supreme Leader Kylo Ren Attacker, Leader, First Order DS
53%
Asajj Ventress Support, Leader, Nightsister DS
50%
Count Dooku Attacker, Leader, Separatist DS
50%
Ezra Bridger Attacker, Jedi, Phoenix LS
50%
Kit Fisto Attacker, Leader, Galactic Republic LS
50%
Aayla Secura Support, Leader, Galactic Republic LS
47%
Cad Bane Support, Leader, Bounty Hunter DS
47%
Hera Syndulla Support, Leader, Phoenix LS
47%
Jawa Attacker, Jawa LS
47%
Omega Attacker, Bad Batch, Clone Trooper LS
47%
Wicket Attacker, Ewok LS
47%
Bo-Katan (Mand'alor) Attacker, Leader, Mandalorian LS
44%
Cal Kestis Support, Unaligned Force User LS
44%
First Order Stormtrooper Tank, First Order DS
44%
Grand Moff Tarkin Support, Leader, Empire DS
44%
Jabba the Hutt Support, Leader, Galactic Legend DS
44%
Jedi Knight Cal Kestis Attacker, Leader, Jedi LS
44%
Jedi Master Kenobi Attacker, Leader, Galactic Legend LS
44%
Kanan Jarrus Tank, Jedi, Phoenix LS
44%
Ki-Adi-Mundi Attacker, Jedi, Galactic Republic LS
44%
Mother Talzin Support, Leader, Nightsister DS
44%
Padawan Sabine Wren Attacker, Mandalorian, Spectre LS
44%
Sabine Wren Attacker, Mandalorian, Phoenix LS
44%
Stormtrooper Tank, Empire, Imperial Remnant DS
44%
Admiral Ackbar Support, Leader, Rebel LS
41%
Barriss Offee Healer, Leader, Galactic Republic LS
41%
Boss Nass Support, Leader, Gungan LS
41%
Embo Attacker, Leader, Bounty Hunter DS
41%
General Skywalker Attacker, Leader, 501st LS
41%
Ima-Gun Di Support, Leader, Galactic Republic LS
41%
Shaak Ti Support, Leader, Galactic Republic LS
41%
The Mandalorian Attacker, Leader, Bounty Hunter LS
41%
Ben Solo Attacker, Unaligned Force User LS
38%
Cassian Andor Support, Rebel, Rebel Fighter LS
38%
Darth Malak Tank, Sith, Sith Empire DS
38%
Darth Revan Attacker, Leader, Sith DS
38%
Dengar Attacker, Leader, Bounty Hunter DS
38%
General Kenobi Tank, Leader, Galactic Republic LS
38%
Mon Mothma Support, Leader, Rebel LS
38%
Sith Eternal Emperor Attacker, Leader, Galactic Legend DS
38%
Wedge Antilles Attacker, Leader, Rebel LS
38%
Young Han Solo Attacker, Mercenary, Scoundrel LS
38%
Admiral Piett Support, Leader, Empire DS
34%
ARC Trooper Attacker, 501st, Clone Trooper LS
34%
Bo-Katan Kryze Attacker, Leader, Mandalorian LS
34%
Boushh (Leia Organa) Attacker, Leader, Bounty Hunter LS
34%
Captain Han Solo Support, Rebel, Scoundrel LS
34%
Death Trooper Attacker, Empire, Imperial Remnant DS
34%
Droideka Attacker, Droid, Separatist DS
34%
General Hux Support, Leader, First Order DS
34%
IG-12 & Grogu Healer, Mandalorian LS
34%
Jyn Erso Attacker, Leader, Rebel LS
34%
Leia Organa Tank, Galactic Legend, Leader LS
34%
Rebel Officer Leia Organa Attacker, Leader, Rebel LS
34%
Veteran Smuggler Han Solo Attacker, Mercenary, Resistance LS
34%
Bastila Shan Support, Leader, Jedi LS
31%
Captain Tarpals Attacker, Gungan, Battle for Naboo LS
31%
Chief Chirpa Support, Leader, Ewok LS
31%
Dark Trooper Moff Gideon Tank, Leader, Empire DS
31%
Darth Nihilus Support, Leader, Sith DS
31%
Grand Admiral Thrawn Support, Leader, Empire DS
31%
IG-100 MagnaGuard Tank, Droid, Separatist DS
31%
Jango Fett Attacker, Leader, Bounty Hunter DS
31%
Jedi Knight Revan Attacker, Leader, Jedi LS
31%
Luminara Unduli Healer, Leader, Galactic Republic LS
31%
Moff Gideon Support, Leader, Empire DS
31%
Nute Gunray Support, Leader, Scoundrel DS
31%
Poggle the Lesser Support, Leader, Geonosian DS
31%
0-0-0 Support, Droid, Scoundrel DS
28%
Bastila Shan (Fallen) Support, Sith, Sith Empire DS
28%
Darth Malgus Tank, Leader, Sith DS
28%
K-2SO Tank, Droid, Rebel LS
28%
Royal Guard Tank, Empire DS
28%
Savage Opress Attacker, Leader, Sith DS
28%
Tarfful Support, Leader, Wookiee LS
28%
TIE Fighter Pilot Attacker, Empire, Imperial Remnant DS
28%
Wat Tambor Support, Separatist DS
28%
Ahsoka Tano (Fulcrum) Attacker, Rebel, Unaligned Force User LS
25%
Amilyn Holdo Tank, Resistance, Fleet Commander LS
25%
Aurra Sing Attacker, Leader, Bounty Hunter DS
25%
Biggs Darklighter Support, Rebel, Rebel Fighter LS
25%
Colonel Starck Support, Empire, Imperial Trooper DS
25%
Darth Bane Attacker, Leader, Sith DS
25%
Darth Sion Tank, Sith DS
25%
Darth Traya Support, Leader, Sith DS
25%
Eeth Koth Support, Leader, Galactic Republic LS
25%
General Veers Support, Leader, Empire DS
25%
Greef Karga Support, Leader, Bounty Hunter LS
25%
Rose Tico Attacker, Resistance LS
25%
Sith Empire Trooper Tank, Sith, Sith Empire DS
25%
Sith Trooper Attacker, First Order, Sith DS
25%
Snowtrooper Attacker, Empire, Imperial Trooper DS
25%
Admiral Raddus Support, Leader, Rebel LS
22%
Darth Sidious Attacker, Leader, Sith DS
22%
First Order SF TIE Pilot Attacker, First Order DS
22%
First Order TIE Pilot Attacker, First Order DS
22%
Garazeb "Zeb" Orrelios Tank, Rebel, Phoenix LS
22%
Geonosian Brood Alpha Support, Leader, Geonosian DS
22%
Hoth Rebel Scout Attacker, Rebel, Rebel Fighter LS
22%
Jawa Engineer Healer, Jawa LS
22%
Merrin Support, Nightsister DS
22%
Nightsister Spirit Attacker, Nightsister DS
22%
Nightsister Zombie Tank, Nightsister DS
22%
Night Trooper Attacker, Imperial Remnant, Nightsister DS
22%
Qi'ra Support, Leader, Mercenary LS
22%
Range Trooper Support, Empire, Imperial Trooper DS
22%
Tusken Raider Attacker, Tusken DS
22%
Cara Dune Tank, Mercenary, Rebel LS
19%
Cere Junda Support, Leader, Scoundrel LS
19%
Dark Trooper Attacker, Droid, Empire DS
19%
Ewok Scout Attacker, Ewok LS
19%
Geonosian Soldier Attacker, Geonosian, Separatist DS
19%
Grand Inquisitor Attacker, Leader, Empire DS
19%
Greedo Attacker, Leader, Bounty Hunter DS
19%
Huyang Attacker, Droid, Spectre LS
19%
Jawa Scavenger Support, Jawa LS
19%
Lobot Support, Leader, Rebel LS
19%
Poe Dameron Tank, Leader, Resistance LS
19%
Rey (Scavenger) Attacker, Resistance, Unaligned Force User LS
19%
Second Sister Attacker, Leader, Empire DS
19%
Teebo Tank, Leader, Ewok LS
19%
The Mandalorian (Beskar Armor) Attacker, Leader, Mandalorian LS
19%
Ugnaught Support LS
19%
Wampa Attacker DS
19%
Admiral Trench Support, Leader, Separatist DS
16%
Baze Malbus Tank, Rebel, Rebel Fighter LS
16%
Darth Talon Attacker, Sith DS
16%
Fifth Brother Support, Leader, Empire DS
16%
Geonosian Spy Attacker, Geonosian, Separatist DS
16%
Jedi Consular Healer, Galactic Republic, Jedi LS
16%
Jedi Knight Guardian Tank, Galactic Republic, Jedi LS
16%
Kylo Ren (Unmasked) Tank, Leader, First Order DS
16%
Logray Support, Ewok LS
16%
Nightsister Acolyte Attacker, Nightsister DS
16%
Old Daka Healer, Leader, Nightsister DS
16%
Saw Gerrera Support, Leader, Rebel LS
16%
Seventh Sister Healer, Leader, Empire DS
16%
Shoretrooper Tank, Empire, Imperial Trooper DS
16%
Sun Fac Tank, Geonosian, Separatist DS
16%
Third Sister Tank, Leader, Empire DS
16%
Tusken Shaman Healer, Tusken DS
16%
Visas Marr Healer, Unaligned Force User LS
16%
Ahsoka Tano (Snips) Attacker, Leader, 501st LS
13%
Bistan Attacker, Rebel, Rebel Fighter LS
13%
BT-1 Attacker, Droid, Scoundrel DS
13%
Captain Drogan Attacker, Rebel, Rebel Fighter LS
13%
Captain Phasma Support, Leader, First Order DS
13%
Chief Nebit Tank, Leader, Jawa LS
13%
Dash Rendar Support, Leader, Mercenary LS
13%
Death Trooper (Peridea) Attacker, Imperial Remnant, Nightsister DS
13%
Doctor Aphra Support, Leader, Mercenary DS
13%
Eighth Brother Attacker, Leader, Empire DS
13%
Ezra Bridger (Exile) Support, Jedi, Spectre LS
13%
First Order Executioner Attacker, First Order DS
13%
Gamorrean Guard Tank, Hutt Cartel, Scoundrel DS
13%
Great Mothers Support, Leader, Nightsister DS
13%
Hoth Rebel Soldier Support, Rebel, Rebel Fighter LS
13%
Kyle Katarn Attacker, Jedi, Mercenary LS
13%
L3-37 Tank, Droid, Mercenary LS
13%
Magmatrooper Attacker, Empire, Imperial Trooper DS
13%
Marrok Support, Inquisitorius, Mercenary DS
13%
Nightsister Initiate Attacker, Nightsister DS
13%
Ninth Sister Tank, Leader, Empire DS
13%
Paploo Tank, Ewok LS
13%
Paz Vizsla Tank, Mandalorian LS
13%
Queen Amidala Support, Leader, Galactic Republic LS
13%
Rey (Jedi Training) Tank, Leader, Resistance LS
13%
Scout Trooper Support, Empire, Imperial Remnant DS
13%
Shin Hati Attacker, Mercenary, Unaligned Force User DS
13%
Skiff Guard (Lando Calrissian) Attacker, Hutt Cartel, Scoundrel LS
13%
Talia Healer, Leader, Nightsister DS
13%
Zam Wesell Attacker, Leader, Bounty Hunter DS
13%
Baylan Skoll Tank, Leader, Mercenary DS
9%
Bodhi Rook Support, Rebel, Rebel Fighter LS
9%
Chirrut Îmwe Attacker, Rebel, Rebel Fighter LS
9%
Director Krennic Support, Leader, Empire DS
9%
Ewok Elder Healer, Ewok LS
9%
Fennec Shand Attacker, Leader, Bounty Hunter DS
9%
Gar Saxon Tank, Leader, Empire DS
9%
Hondo Ohnaka Support, Mercenary, Scoundrel DS
9%
Kelleran Beq Attacker, Leader, Galactic Republic LS
9%
Krrsantan Tank, Leader, Bounty Hunter DS
9%
Mob Enforcer Support, Hutt Cartel, Scoundrel DS
9%
Pao Attacker, Rebel, Rebel Fighter LS
9%
Resistance Pilot Attacker, Resistance LS
9%
Resistance Trooper Attacker, Resistance LS
9%
Starkiller Attacker, Unaligned Force User DS
9%
Taron Malicos Attacker, Unaligned Force User DS
9%
Threepio & Chewie Attacker, Droid, Rebel LS
9%
Tusken Warrior Attacker, Tusken DS
9%
Young Lando Calrissian Attacker, Mercenary, Scoundrel LS
9%
Carth Onasi Attacker, Leader, Old Republic LS
6%
Clone Sergeant - Phase I Attacker, Clone Trooper, Galactic Republic LS
6%
Enfys Nest Attacker, Scoundrel, Smuggler LS
6%
First Order Officer Support, First Order DS
6%
Gungan Boomadier Attacker, Gungan, Battle for Naboo LS
6%
Gungan Phalanx Tank, Gungan, Battle for Naboo LS
6%
Iden Versio Attacker, Leader, Empire DS
6%
Kuiil Support, Scoundrel LS
6%
Luke Skywalker (Farmboy) Attacker, Leader, Rebel LS
6%
Luthen Rael Support, Rebel, Rebel Fighter LS
6%
Mara Jade, The Emperor's Hand Attacker, Empire, Unaligned Force User DS
6%
Morgan Elsbeth Tank, Nightsister DS
6%
Sith Assassin Attacker, Sith, Sith Empire DS
6%
The Armorer Support, Leader, Mandalorian LS
6%
URoRRuR'R'R Support, Leader, Tusken DS
6%
Coruscant Underworld Police Support, Galactic Republic LS
3%
Dathcha Support, Leader, Jawa LS
3%
HK-47 Attacker, Leader, Droid DS
3%
Imperial Super Commando Attacker, Empire, Mandalorian DS
3%
Jolee Bindo Healer, Jedi, Old Republic LS
3%
Juhani Tank, Jedi, Old Republic LS
3%
Princess Kneesaa Attacker, Ewok LS
3%
Scarif Rebel Pathfinder Tank, Rebel, Rebel Fighter LS
3%
Sith Marauder Attacker, Sith, Sith Empire DS
3%
STAP Attacker, Droid, Separatist DS
3%
T3-M4 Support, Droid, Old Republic LS
3%
Tusken Chieftain Support, Leader, Tusken DS
3%
Zaalbar Tank, Mercenary, Old Republic LS
3%
Zorii Bliss Support, Resistance, Scoundrel LS
3%
Canderous Ordo Attacker, Mandalorian, Mercenary DS
0%
Captain Enoch Support, Leader, Imperial Remnant DS
0%
Mission Vao Attacker, Mercenary, Old Republic LS
0%
Rey (Dark Side Vision) Attacker, First Order, Sith DS
0%
Sana Starros Attacker, Leader, Mercenary LS
0%
No matching quizzes found
Score Distribution
Percent of People with Each Score
Percentile by Number Answered
Your Score History
You have not taken this quiz since the last reset